Skip to main content
Your cart is empty.
Your lists
Log in to create your own lists
Your cookies
العربية
English
العربية
Home
Search
Advanced search
Authority search
About
The noble scholar, jurist, historian
His Excellency Dr. Abdul Wahhab bin Ibrahim Abu Sulaiman, may Allah have mercy on him.
He was born in Umm Al-Qura in the year 1356 AH.
Library catalog
Title
Author
Subject
ISBN
ISSN
Series
Call number
Log in to your account
×
Login:
Password:
Home
MARC view: اتفاقية الزيت بين حكومة المملكة العربية السعودية وباسيفيك وسترن كوربوريشن 1368 هـ = 1949 م.
Normal view
MARC view
ISBD view
اتفاقية الزيت بين حكومة المملكة العربية السعودية وباسيفيك وسترن كوربوريشن 1368 هـ = 1949 م. (Record no. 13464)
[
view plain
]
MARC details
000 -LEADER
fixed length control field
01625cam a2200337 i 4500
003 - CONTROL NUMBER IDENTIFIER
control field
SA-RiAUC
005 - DATE AND TIME OF LATEST TRANSACTION
control field
20251203134650.0
008 - FIXED-LENGTH DATA ELEMENTS--GENERAL INFORMATION
fixed length control field
251128s1964 su f z f000r0 ara c
040 ## - CATALOGING SOURCE
Original cataloging agency
SA-RiKSU
Language of cataloging
ara
Transcribing agency
SA-RiAUC
Description conventions
rda
041 1# - LANGUAGE CODE
Language code of text/sound track or separate title
ara
--
eng
043 ## - GEOGRAPHIC AREA CODE
Geographic area code
a-su---
082 04 - DEWEY DECIMAL CLASSIFICATION NUMBER
Classification number
338.2728209531
090 ## - LOCALLY ASSIGNED LC-TYPE CALL NUMBER (OCLC); LOCAL CALL NUMBER (RLIN)
Classification number (OCLC) (R) ; Classification number, CALL (RLIN) (NR)
338.2728209531
Local cutter number (OCLC) ; Book number/undivided call number, CALL (RLIN)
س ع و
110 ## - MAIN ENTRY--CORPORATE NAME
Corporate name or jurisdiction name as entry element
السعودية
Relator term
مؤلف
130 0# - MAIN ENTRY--UNIFORM TITLE
Uniform title
اتفاقية الزيت
Date of treaty signing
(1949)
245 10 - TITLE STATEMENT
Title
اتفاقية الزيت بين حكومة المملكة العربية السعودية وباسيفيك وسترن كوربوريشن 1368 هـ = 1949 م.
250 ## - EDITION STATEMENT
Edition statement
الطبعة الرابعة.
264 #1 - PRODUCTION, PUBLICATION, DISTRIBUTION, MANUFACTURE, AND COPYRIGHT NOTICE
Place of production, publication, distribution, manufacture
مكة المكرمة :
Name of producer, publisher, distributor, manufacturer
مطبعة الحكومة،
Date of production, publication, distribution, manufacture, or copyright notice
1964
300 ## - PHYSICAL DESCRIPTION
Extent
30، 30 صفحة ؛
Dimensions
24 × 12 سم
336 ## - CONTENT TYPE
Content type term
نص
Content type code
txt
Source
rdacontent
Materials specified
كتاب
337 ## - MEDIA TYPE
Media type term
بدون وسيط
Media type code
n
Source
rdamedia
338 ## - CARRIER TYPE
Carrier type term
مجلد
Carrier type code
nc
Source
rdacarrier
546 ## - LANGUAGE NOTE
Language note
النص باللغتين العربية والإنجليزية
650 #7 - SUBJECT ADDED ENTRY--TOPICAL TERM
Topical term or geographic name entry element
البترول
Geographic subdivision
السعودية
General subdivision
معاهدات
Source of heading or term
aucsh
651 #7 - SUBJECT ADDED ENTRY--GEOGRAPHIC NAME
Geographic name
السعودية
General subdivision
علاقات اقتصادية خارجية
--
معاهدات
Geographic subdivision
الولايات المتحدة الأمريكية
Source of heading or term
aucsh
651 #7 - SUBJECT ADDED ENTRY--GEOGRAPHIC NAME
Geographic name
الولايات المتحدة الأمريكية
General subdivision
علاقات اقتصادية خارجية
--
معاهدات
Geographic subdivision
السعودية
Source of heading or term
aucsh
710 2# - ADDED ENTRY--CORPORATE NAME
Corporate name or jurisdiction name as entry element
باسيفيك وسترن كوربوريشن (ديلور، الولايات المتحدة الأمريكية)
Relator term
مؤلف.
856 4# - ELECTRONIC LOCATION AND ACCESS
Uniform Resource Identifier
<a href="http://10.0.0.80/gov6/mo859.pdf">http://10.0.0.80/gov6/mo859.pdf</a>
942 ## - ADDED ENTRY ELEMENTS (KOHA)
Source of classification or shelving scheme
Dewey Decimal Classification
Koha item type
Books
Suppress in OPAC
No
949 ## - LOCAL PROCESSING INFORMATION (OCLC)
a
SA-JeALM
d
251128
u
mohamedma123
n
1
Holdings
Withdrawn status
Lost status
Source of classification or shelving scheme
Damaged status
Not for loan
Home library
Current library
Date acquired
Total checkouts
Full call number
Barcode
Date last seen
Price effective from
Koha item type
Dewey Decimal Classification
DR AbdElwahab Library
DR AbdElwahab Library
12/03/2025
338.2728209531 س ع و
000021487
12/03/2025
12/03/2025
Books
Place hold
Print
Add to your cart
(remove)
Save record
BIBTEX
Dublin Core
MARCXML
MARC (non-Unicode/MARC-8)
MARC (Unicode/UTF-8)
MARC (Unicode/UTF-8, Standard)
MODS (XML)
RIS
ISBD
More searches
Search for this title in:
Other Libraries (WorldCat)
Other Databases (Google Scholar)
Online Stores (Bookfinder.com)
Open Library (openlibrary.org)
Exporting to Dublin Core...
×
Simple DC-RDF
OAI-DC
SRW-DC